00491nam a2200145Ia 4500008004100000041000800041082001200049100003300061245004200094260004700136300002400183365000700207999001700214952011400231240624s9999 xx 000 0 und d aeng a368 III aINSURANCE INSTITUTE OF INDIA aFIRE AND CONSEQUENTIAL LOSS INSURANCE c2008aMumbaibInsurance Institute of India a328 : p. : cm. ; 21 cRS c15255d15255 02104070aIMTNbIMTNcRack 16-Ad2010-06-01g100.00o368 IIIp15255r2024-06-24 00:00:00t1w2024-06-24yBK